| Tag |
First Indicator |
Second Indicator |
Subfields |
| LEADER |
00000cam a2200000 a 4500 |
| 001 |
in00001252257 |
| 005 |
20151003091248.0 |
| 008 |
950907m19959999dcua f f000 0 eng d |
| 010 |
|
|
|a gp 95084102
|
| 035 |
|
|
|a (OCoLC)33092884
|
| 035 |
|
|
|9 AGV3117AM
|
| 040 |
|
|
|a GPO
|c GPO
|d DLC
|d MvI
|d UtOrBLW
|
| 043 |
|
|
|a n-us---
|
| 074 |
|
|
|a 0071-C
|
| 086 |
0 |
|
|a A 62.15:C 82/2
|
| 088 |
|
|
|a FCIC 30090
|
| 245 |
0 |
0 |
|a Cotton handbook.
|
| 264 |
|
1 |
|a [Washington, D.C.?] :
|b U.S. Dept. of Agriculture, Federal Crop Insurance Corporation, Product Development Branch,
|c [1995-]
|
| 300 |
|
|
|a 1 volume (loose-leaf) :
|b illustrations ;
|c 28 cm.
|
| 336 |
|
|
|a text
|b txt
|2 rdacontent
|
| 337 |
|
|
|a unmediated
|b n
|2 rdamedia
|
| 338 |
|
|
|a volume
|b nc
|2 rdacarrier
|
| 500 |
|
|
|a Shipping list number: 95-0284-P.
|
| 500 |
|
|
|a "July 1995"--P. SC 1.
|
| 500 |
|
|
|a "FCIC 30090."
|
| 650 |
|
0 |
|a Cotton
|x Losses
|z United States
|x Handbooks, manuals, etc.
|
| 650 |
|
0 |
|a Crop losses
|z United States
|x Handbooks, manuals, etc.
|
| 650 |
|
0 |
|a Crop insurance
|z United States
|x Handbooks, manuals, etc.
|
| 710 |
2 |
|
|a Federal Crop Insurance Corporation.
|b Product Development Branch.
|
| 999 |
|
|
|a MARS
|
| 999 |
f |
f |
|s 864d1889-2da5-3cbc-ba6e-bea1a167cadc
|i 1dc630b1-40e8-304f-975d-711eac3313bb
|t 0
|
| 952 |
f |
f |
|p normal
|a Texas A&M University
|b College Station
|c Sterling C. Evans Library
|d Evans: US Documents (Annex 5th floor)
|t 0
|e A 62.15:C 82/2
|h Superintendent of Documents classification
|i unmediated -- volume
|m A14819649004
|
| 998 |
f |
f |
|a A 62.15:C 82/2
|t 0
|l Evans: US Documents (Annex 5th floor)
|